LIBRARY & INFORMATION CENTRE, KCAET, TAVANUR

ONLINE PUBLIC ACCESS CATALOGUE (OPAC)

Monetory Theory / (Record no. 2175)

MARC details
000 -LEADER
fixed length control field 00273cam a2200121ua 4500
082 ## - DEWEY DECIMAL CLASSIFICATION NUMBER
Classification number 332.401
Item number VAI/MO
100 ## - MAIN ENTRY--AUTHOR NAME
Personal name Vaish, M.C .
245 ## - TITLE STATEMENT
Title Monetory Theory /
250 ## - EDITION STATEMENT
Edition statement 5 /
260 ## - PUBLICATION, DISTRIBUTION, ETC. (IMPRINT)
Place of publication :
Name of publisher Ratan Prakashan Mandir ,
Year of publication 1971.
300 ## - PHYSICAL DESCRIPTION
Number of Pages 687 ; .
942 ## - ADDED ENTRY ELEMENTS (KOHA)
Koha item type Books
Holdings
Withdrawn status Lost status Damaged status Home library Current library Date acquired Full call number Accession Number Koha item type
Withdrawn     KAUAET Sanskrit University 07/04/2012 332.401 13216 Books
free website counter